000 00517nam a22001817a 4500
005 20251108164130.0
008 250721s1986 xx 000 0 ara d
082 1 4 _a210.9624/منص
100 1 _aخالد، منصور
245 1 0 _aالفجر الكاذب :
_bنميري و تحريف الشريعة /
264 1 _aالقاهرة :
_bدار الهلال،
_c1986.
300 _a440ص.
650 1 7 _aالإسلام
650 1 7 _aالتاريخ
650 1 7 _aالسودان
942 _2ddc
_cBK
999 _c4424
_d4424